Tourism (Registro nro. 3531)
[ vista simple ]
| 000 -CABECERA | |
|---|---|
| campo de control de longitud fija | 00785nam a22002897a 4500 |
| 005 - FECHA Y HORA DE ACTUALIZACIÓN | |
| campo de control | 20221028142642.0 |
| 008 - LONGITUD FIJA | |
| campo de control de longitud fija | 150302b xxu||||| |||| 00| 0 ES d |
| 041 ## - IDIOMA | |
| Código de idioma del texto/pista de sonido o título separado | |
| 082 ## - CLASIFICACIÓN DECIMAL DEWEY | |
| Número de clasificación | 428.3 E242t |
| 100 ## - AUTOR PERSONAL | |
| Nombre de persona | Evans, Virginia |
| 245 ## - TÍTULO PROPIAMENTE DICHO | |
| Título | Tourism |
| 260 ## - PIE DE IMPRENTA | |
| Lugar de publicación, distribución, etc. | Estados Unidos |
| Nombre del editor, distribuidor, etc. | Express Publishing |
| Fecha de publicación, distribución, etc. | 2011 |
| 505 ## - Nota de Contenido | |
| Nota de contenido | Contiene disco compacto N° 687 |
| 650 ## - Materia General | |
| Materia general | INGLÉS - ENSEÑANZA |
| 650 ## - Materia General | |
| Materia general | VIAJES |
| 650 ## - Materia General | |
| Materia general | RESTAURANTES |
| 650 ## - Materia General | |
| Materia general | EQUIPAJE |
| 650 ## - Materia General | |
| Materia general | TURISMO |
| 650 ## - Materia General | |
| Materia general | TOURISM |
| 650 ## - Materia General | |
| Materia general | RESTAURANTS |
| 650 ## - Materia General | |
| Materia general | LODGING |
| 650 ## - Materia General | |
| Materia general | CULTURAL DIFFERENCES |
| 650 ## - Materia General | |
| Materia general | AIRPORT |
| 650 ## - Materia General | |
| Materia general | RESERVATIONS |
| 650 ## - Materia General | |
| Materia general | LOCAL ATTRACTIONS |
| 942 ## - Punto de Acceso Adicional Koha | |
| Tipo de ítem Koha | Libro |
| Estado perdido | Estado dañado | No para préstamo | Biblioteca permanente | Biblioteca actual | Signatura completa | Código de barras | Precio efectivo a partir del | Tipo de ítem | Programa Académico |
|---|---|---|---|---|---|---|---|---|---|
| Departamento de Biblioteca y Documentación Alfonso Chase Brenes | Departamento de Biblioteca y Documentación Alfonso Chase Brenes | 428.3 E242t | 19532 | 01/03/2016 | Libro | ||||
| Departamento de Biblioteca y Documentación Alfonso Chase Brenes | Departamento de Biblioteca y Documentación Alfonso Chase Brenes | 428.3 E242t | 19533 | 01/03/2016 | Libro | ||||
| Departamento de Biblioteca y Documentación Alfonso Chase Brenes | Departamento de Biblioteca y Documentación Alfonso Chase Brenes | 428.3 E242t | 19534 | 01/03/2016 | Libro | ||||
| Departamento de Biblioteca y Documentación Alfonso Chase Brenes | Departamento de Biblioteca y Documentación Alfonso Chase Brenes | 428.3 E242t | 18993 | 01/03/2016 | Libro | ||||
| Departamento de Biblioteca y Documentación Alfonso Chase Brenes | Departamento de Biblioteca y Documentación Alfonso Chase Brenes | 428.3 E242t | 18994 | 01/03/2016 | Libro | ||||
| Departamento de Biblioteca y Documentación Alfonso Chase Brenes | Departamento de Biblioteca y Documentación Alfonso Chase Brenes | 428.3 E242t | 18995 | 01/03/2016 | Libro | ||||
| Departamento de Biblioteca y Documentación Alfonso Chase Brenes | Departamento de Biblioteca y Documentación Alfonso Chase Brenes | 687 DC | 687ADC | 13/01/2017 | Disco Compacto | Turismo | |||
| Departamento de Biblioteca y Documentación Alfonso Chase Brenes | Departamento de Biblioteca y Documentación Alfonso Chase Brenes | 687 DC | 687BDC | 13/01/2017 | Disco Compacto | Turismo | |||
| Departamento de Biblioteca y Documentación Alfonso Chase Brenes | Departamento de Biblioteca y Documentación Alfonso Chase Brenes | 687 DC | 687CDC | 13/01/2017 | Disco Compacto | Turismo | |||
| Departamento de Biblioteca y Documentación Alfonso Chase Brenes | Departamento de Biblioteca y Documentación Alfonso Chase Brenes | 687 DC | 687DDC | Disco Compacto | Turismo | ||||
| Departamento de Biblioteca y Documentación Alfonso Chase Brenes | Departamento de Biblioteca y Documentación Alfonso Chase Brenes | 428.3 E242t | 687EDC | Disco Compacto | Turismo | ||||
| Departamento de Biblioteca y Documentación Alfonso Chase Brenes | Departamento de Biblioteca y Documentación Alfonso Chase Brenes | 428.3 E242t | 687FDC | Disco Compacto | Turismo |